Quizzes
Events
Quiz Creation
Community
Videos
Private Events
Remove Ads
Sign In
Join for FREE
Feedback
Dark Mode
Quiz Categories
Sports
Geography
Music
Movies
Television
Just For Fun
Miscellaneous
History
Literature
Language
Science
Gaming
Entertainment
Religion
Holiday
For Kids
Quiz Lab
Recent
Popular Today
Quiz Kudos Today
Editor Picks
Curator Picks
Quizzes by...
Day
Popularity
Type
Ratings
Length
Year
Community
Subscriptions
Recent Discussions
Orange Saloon
Badges
Playlists
Quests
Create
Leaderboards
Showdown
Live 5
Trivia Bingo
Activity
Puzzle Library
Sporcle Events
Private Events
Virtual Trivia
Globe League
Become a Host
Pub Owners
SporcleCon
Opinionation
Our Games
Videos
Blog
Mobile Apps
Partnerships
Remove Ads and Go Orange
Feedback
Music
Pop Music
The Beatles
Song
Album
Lyrics
Bands
Singers
Artist
Clip
Rock
Rap
Classical
Billboard
Country Music
Kpop
Taylor Swift
Music
Pop Music
The Beatles
Song
Album
Lyrics
Bands
Singers
Artist
Clip
Rock
Rap
Classical
Billboard
Country Music
Kpop
Taylor Swift
Random Quiz
Search Sporcle
×
Quiz Lab
Quiz Lab
Music
Lyrics
Type in answers that appear in a list
Type in answers that appear in a list
Classic
Best Score? Go Orange.
Lyrics to Friend Like Me Stats
Can you name the Lyrics to Friend Like Me from Disney's Aladdin?
By
Fongolia
15m
297 Questions
1,293 Plays
1,293 Plays
1,293 Plays
Comments
Comments
Give Quiz Kudos
Give Quiz Kudos
-
- Ratings
hide this ad
More Info
Replay
Link that replays current quiz
Next Quiz
Link to next quiz in quiz playlist
You Got
0%
They Got
Avg Score
76%
Avg Friend Score
Upgrade to see
Score Distribution
Jump to the score distribution portion of the page
Score
0/297
Timer
15:00
0
Plays Today
% Correct
a
98.3%
a
98.3%
a
98.3%
a
98.3%
a
98.3%
A
98.3%
a
98.3%
a
98.3%
a
98.3%
a
98.3%
a
98.3%
a
98.3%
had
95.5%
had
95.5%
had
95.5%
you
95.5%
You
95.5%
You
95.5%
You
95.5%
you
95.5%
You
95.5%
had
95.5%
you
95.5%
You
95.5%
had
95.5%
you
95.5%
you
95.5%
You
95.5%
you
95.5%
You
95.5%
You
95.5%
you
95.5%
you
95.5%
You
95.5%
you
95.5%
you
95.5%
You
95.5%
had
95.5%
I
94.7%
I
94.7%
B
93.6%
me
93.6%
me
93.6%
me
93.6%
me
93.6%
me
93.6%
me
93.6%
friend
92.8%
friend
92.8%
friend
92.8%
friend
92.8%
the
92.3%
the
92.3%
the
92.3%
the
92.3%
the
92.3%
the
92.3%
never
92.1%
never
92.1%
never
92.1%
never
92.1%
never
92.1%
like
91.9%
like
91.9%
like
91.9%
like
91.9%
like
91.9%
your
90.7%
your
90.7%
your
90.7%
your
90.7%
your
90.7%
your
90.7%
your
90.7%
your
90.7%
your
90.7%
your
90.7%
your
90.7%
your
90.7%
your
90.7%
your
90.7%
d'
89.3%
do
86.8%
do
86.8%
Do
86.8%
do
86.8%
Do
86.8%
do
86.8%
go
86.2%
go
86.2%
that
86.1%
that
86.1%
in
85.7%
in
85.7%
in
85.7%
in
85.7%
ain't
85.1%
ain't
85.1%
ain't
85.1%
% Correct
ain't
85.1%
is
84.1%
is
84.1%
is
84.1%
is
84.1%
and
84%
And
84%
And
84%
And
84%
we
83.9%
got
83.1%
got
83.1%
got
83.1%
got
83.1%
got
83.1%
got
83.1%
got
83.1%
of
82.6%
of
82.6%
of
82.6%
So
82.2%
So
82.2%
so
82.2%
What
82.1%
what
82.1%
what
82.1%
what
82.1%
all
82%
all
82%
all
82%
all
82%
be
81.6%
no
81.4%
Can
80.9%
Can
80.9%
Can
80.9%
this
80.8%
this
80.8%
forty
80.2%
it
80%
it
80%
Aladdin
79.7%
Aladdin
79.7%
wish
79.6%
wish
79.6%
wish
79.6%
Ali
79.2%
or
79.2%
or
79.2%
Mister
79.1%
friends
79.1%
friends
79.1%
friends
79.1%
friends
79.1%
friends
79.1%
Mister
79.1%
to
78.9%
to
78.9%
to
78.9%
on
78.8%
on
78.8%
on
78.8%
them
78.6%
I'm
78.6%
I'm
78.6%
I'm
78.6%
I'm
78.6%
thieves
78.4%
some
77.9%
Some
77.9%
some
77.9%
sir
77.9%
sir
77.9%
some
77.9%
sir
77.9%
Well
77.5%
Well
77.5%
Baba
76.6%
will
76.6%
rub
76.5%
rub
76.5%
lamp
76.1%
now
75.6%
Have
75.4%
have
75.4%
thousand
75.3%
Let
75.1%
out
75.1%
let
75.1%
out
75.1%
for
74.9%
hat
74.4%
little
74.3%
little
74.3%
You're
74.1%
say
73.9%
Say
73.9%
power
73.7%
corner
73.7%
% Correct
gotta
73.4%
gotta
73.4%
I'll
73%
tales
72.7%
'er
72.2%
up
72.1%
magic
72%
pull
71.9%
pleasure
71.8%
want
71%
three
70.5%
three
70.5%
take
70.3%
'cause
70.1%
king
69.6%
down
69.5%
column
69.3%
column
69.3%
order
69.2%
Life
69.2%
fails
68.9%
It's
68.9%
help
68.9%
help
68.9%
luck
68.3%
two
68.2%
boss
67.9%
how
67.5%
How
67.5%
master
67%
restaurant
66.7%
here
66.7%
here
66.7%
their
66.6%
mood
66.3%
Try
66%
dude
65.6%
dish
65.4%
Jot
64.9%
rip
64.3%
ammunition
64.2%
more
64.2%
true
64%
brand
63.7%
yours
63.6%
service
63.4%
sleeves
62.8%
about
62%
make
61.6%
pride
61.2%
ourselves
61.2%
Come
60.3%
abracadabra
60.3%
then
60.3%
maître
60.1%
Yes
59.6%
whisper
58.6%
But
58.6%
know
57.5%
looky
57.1%
disappear
56.8%
job
56.6%
shah
56.5%
heavy
55.7%
baklava
55.2%
camp
54.8%
there
53.1%
really
53.1%
genie
52.8%
poof
50.7%
punch
50.6%
don't
50.5%
big
50.3%
list
49.8%
wanna
49.6%
long
47.8%
that's
47.7%
answer
47.6%
prayers
47.3%
doubt
46.9%
sit
46.1%
miles
46.1%
sucker
44.8%
pizzazz
44.6%
certified
44.1%
yahoo
43.2%
eyed
43.2%
nabob
42.1%
buggy
40.4%
urge
39.8%
See
39.6%
powerful
39.3%
bona
38.5%
fide
36.6%
slack-jawed
35.2%
Scheherazade
34.5%
chargé
32.9%
midnight
30.5%
d'affaires
27.6%
Quiz Playlist
Details
Report
Send in Message
Add To Playlist
More Info:
The repeated last lines of the song were truncated to fit the 300 answer Sporcle limit.
Classic:
Type in answers that appear in a list
Last Updated: Feb 16, 2017
Quiz Scoreboard
CHALLENGE
Sign Up to Join the Scoreboard
Show All
Scores
Hide
Comments
May contain spoilers
Recently Published
Popular People in 1961
by mucciniale
History
6m
1-10 Letter E Words III
by El_Dandy
Language
2m
One Thing in Common: World Cities II
by knightlancer
Geography
7m
More to Explore
Quiz From the Vault
Featured Blog Post
Where Did the Easter Bunny Come From?
hide this ad
You Might Also Like...
Tags
Disney Quiz
Lyrics Quiz
aladdin
Disney Songs
Today's Top Quizzes in Music
Browse Music
hide this ad
Today's Top Quizzes in Lyrics
Browse Lyrics
Top Contributed Quizzes in Music
1
Taylor Swift All Songs (2024)
2
2010s Album by Cover III
3
One Thing in Common: Music
4
Taylor Swift Logic Puzzle
5
Guess the Artist- 70s Songs
6
2010s Album by Cover IV
7
Guess the Taylor Swift song (Mystery Song)
8
2010s Album by Cover V
9
Lana Del Rey Discography (BTD to DYKTTATUOB)
10
2010s Album by Cover VI
Explore More
Trending Topics
Harry Potter
Kpop
Marvel
Disney
Crossword
Anime
NBA
Pokémon
Country
Soccer
Puzzle
WWE
The Office
NFL
Song
hide this ad
More By:
Fongolia
Quiz
Plays
Rating
Category
Featured
Created
3rd Name in the Franchise
98,603
4.26
Movies
Sep 27, 2009
Studio Ghibli Films
23,139
4.13
Movies
Sep 27, 2009
The White Stripes Songs
10,154
3.70
Music
Sep 22, 2009
Lyrics to Prince Ali
3,414
4.09
Music
Jan 21, 2013
Lyrics to Friend Like Me
1,293
4.23
Music
Jan 15, 2013
Go to Creator's Profile
Score Distribution
Quiz Creator Spotlight
Fongolia
Follow
Send a Message
Quizzes Created
-
Created Quiz Play Count
-
More By This Creator
Popular Quizzes Today
1
Find the US States - No Outlines Minefield
2
Find the Countries of Europe - No Outlines Minefield
3
The Countries of the World
4
Popular People in 1961
5
1-10 Letter E Words III
6
Find the US States
7
US States
8
One Thing in Common: World Cities II
More Music Quizzes
One Thing in Common: Music V
Quiz Lab
Trending Quizzes
Risky Map Clicking: Least Populous States A-Z
1-10 Letter F Words
1-10 Letter G Words
One Thing in Common: United Kingdom
Risky Map Clicking: Next State Alphabetically
Recently Updated
Leaping Animals
pecheneg
Reality TV Shows (A-Z)
bhenderson79
Rickey Henderson's Hall of Fame Teammates
pecheneg
Champions League XIs: Arsenal
pecheneg
Quick Pick: Celebrities in WWE's Hall of Fame
aduchscher
A-Z Keypad Blitz II
pecheneg
Multiple Oscar Actors
pecheneg
Mystery Phrase Blitz: Oscar 'Best Actors'
pecheneg
F. Scott Fitzgerald Novels
LTH
Pick 3 Villains
ddd62291
Trending Topics
Anime
NBA
Harry Potter
Kpop
Disney
Crossword
Marvel
Country
Song
The Office
NFL
Puzzle
Pokémon
Soccer
WWE
Your Account Isn't Verified!
In order to create a playlist on Sporcle, you need to verify the email address you used during registration. Go to your
Sporcle Settings
to finish the process.
Report this User
Report this user for behavior that violates our
Community Guidelines
.
Details:
Send Report
Go to the Sporcle.com Mobile Site →
Comments